Lalaland - Another day of sun - Paroles - Statistiques

Statistiques générales
  • Ce quiz a été pris 50 fois
  • Le résultat moyen est 168 sur 325
Statistiques - réponses
Réponse % Correct
a
98%
A
98%
day
98%
I
98%
of
95%
sun
95%
another
91%
it
84%
and
77%
And
77%
We
74%
that
72%
do
70%
the
70%
The
70%
it's
67%
It's
67%
you
65%
"you
65%
about
60%
on
60%
think
60%
be
58%
just
58%
Just
58%
so
58%
to
58%
were
58%
in
56%
seventeen
56%
when
56%
"no"
53%
santa
53%
true
53%
was
53%
are
51%
51%
he
51%
me
51%
but
49%
sweet
49%
my
47%
see
47%
shine
47%
every
44%
they
44%
They
44%
all
42%
down
42%
for
42%
go,
42%
go
42%
had
42%
hear
42%
him
42%
let
42%
lights
42%
station
42%
Sunday
42%
what
42%
have
40%
knew
40%
know
40%
left
40%
came
37%
Cause
37%
or
37%
reaching
37%
Still
37%
want
37%
west
37%
door
35%
here
35%
I'm
35%
more"
35%
name
35%
need
35%
screen
35%
Summer
35%
these
35%
answer's
33%
even
33%
insane
33%
live
33%
low
33%
morning
33%
music
33%
nights
33%
we'll
33%
who
33%
around
30%
at
30%
away
30%
bang
30%
Could
30%
fade
30%
how
30%
monney's
30%
nickel
30%
running
30%
say
30%
sing
30%
town,
30%
town
30%
as
28%
before
28%
bus,
28%
chasing
28%
come
28%
heights
28%
hills
28%
hills,
28%
inside
28%
maybe
28%
never
28%
sleepy
28%
song
28%
used
28%
brave
26%
called
26%
did
26%
gotta
26%
ground
26%
hopped
26%
machine
26%
one
26%
those
26%
along
23%
Climb
23%
each
23%
face
23%
get
23%
made
23%
out
23%
push
23%
rolls
23%
scene
23%
someday
23%
Technicolor
23%
that'll
23%
Without
23%
world
23%
canyons
21%
'em
21%
he'll
21%
into
21%
neon
21%
off
21%
sink
21%
thing
21%
up
21%
we'd
21%
by
19%
dimmed
19%
glow
19%
you'll
19%
dusty
16%
mic
16%
our
16%
small
16%
ballads
14%
Greyhound
14%
kid'll
14%
rhythms
14%
right
14%
seats
14%
sit
14%
barrooms
9%
Aucun quiz correspondant
Distribution des résultats
% des personnes avec chaque résultat
Percentile par nombre de réponses
Votre historique - résultats
Vous n’avez pas pris ce quiz